000 00561nam a2200205 a 4500
001 19113
003 CO-ViMGA
008 141112s2004 ck r 000 u spa d
020 _a9582811889
040 _aCO-ViMGA
_bspa
_cCO-ViMGA
082 0 4 _aCo867.6 L691
100 1 _aLozano, Jocundo
_927411
245 1 0 _aLos mejores chistes de sotanas
260 _aBogotá :
_bIntermedio Editores; 2000
300 _a222 p.
590 _aForma de adquisición : Proyecto 2005
650 1 4 _aHUMOR COLOMBIANO
650 1 4 _aPARROCOS - ANECDOTAS
_927412
942 _2ddc
_cBK
999 _c28285
_d28285